000 00967nam a2200241 4500
005 20240627071719.0
008 220509s1997 flua|||gr|||| 00| 0 eng d
020 _a9780367401276
040 _aCO-BoUCM
_bspa
_cDeissy Garcia
_dDavid Moreno (modificó)
041 0 _aeng
100 1 _9174650
_aBenedetto, John
245 1 0 _aHarmonic analysis and applications
_cJohn J. Benedetto
260 _aBoca Ratón
_bCRC Press
_c1997
300 _axix, 336 páginas
_bilustraciones
490 0 _aStudies in advanced mathematics
500 _aBibliografía Básica - Escuela de Ingeniería, Ciencia y Tecnología - Pregrado en Matemáticas Aplicadas y Ciencias de la Computación
504 _aIncluye referencias bibliográficas e índices
650 7 _aAnálisis armónico
_9174651
650 7 _aMatemáticas aplicadas
_919032
650 7 _aTeoría de Fourier
_9181587
942 _2DEWEY
_cLIBRO
_a25
_e1
_h515.2433
_mB462h
_n0
999 _c321127
_d321127